America's doll house (Record no. 113681)
[ view plain ]
| 000 -LEADER | |
|---|---|
| fixed length control field | 02448nam a2200385 a 4500 |
| 082 04 - DEWEY DECIMAL CLASSIFICATION NUMBER | |
| Classification number | 745.592/3 |
| 100 1# - MAIN ENTRY--AUTHOR NAME | |
| Personal name | Bird, William L. |
| 245 10 - TITLE STATEMENT | |
| Title | America's doll house |
| 250 ## - EDITION STATEMENT | |
| Edition statement | 1st ed. |
| 260 ## - PUBLICATION, DISTRIBUTION, ETC. (IMPRINT) | |
| Place of publication | Washington, D.C. : |
| Name of publisher | Smithsonian Institution, National Museum of American History ; |
| Place of publication | New York : |
| Name of publisher | In association with Princeton Architectural Press, |
| Year of publication | c2010. |
| 300 ## - PHYSICAL DESCRIPTION | |
| Number of Pages | 127 p. : |
| Other physical details | ill. (some col.). |
| 505 0# - FORMATTED CONTENTS NOTE | |
| Formatted contents note | The miniature world of Faith Bradford : an illustrated history -- The dolls' house : room by room -- The scrapbook : fabric swatches of house furnishings. |
| 520 ## - SUMMARY, ETC. | |
| Summary, etc | "One of the most popular exhibits at the Smithsonian Institute is a dollhouse. Sitting on the museum's third floor is the five-story home donated to the museum by Faith Bradford, a Washington, D.C., librarian, who spent more than a half-century accumulating and constructing the 1,354 miniatures that fill its 23 intricately detailed rooms. When Bradford donated them to the museum in 1951, she wrote a lengthy manuscript describing the lives of its residents: Mr. and Mrs. Peter Doll and their ten children, two visiting grandparents, twenty pets, and household staff. Bradford cataloged the Dolls' tastes, habits, and preferences in neatly typed household inventories, which she then bound, along with photographs and fabric samples, in a scrapbook" -- |
| 650 #0 - SUBJECT ADDED ENTRY--TOPICAL TERM | |
| Topical Term | Dollhouses |
| 700 1# - ADDED ENTRY--PERSONAL NAME | |
| Personal name | Bradford, Faith, |
| 856 40 - ELECTRONIC LOCATION AND ACCESS | |
| Uniform Resource Identifier | http://site.ebrary.com/lib/rucke/Doc?id=10472766 |
| 520 ## - SUMMARY, ETC. | |
| -- | Cover. |
No items available.
